Name Every Person to Win a WWE Championship Belt at Wrestlemania - Statistics

General Stats
  • This quiz has been taken 85 times
    27 since last reset
  • The average score is 78 of 130
Answer Stats
Event Answer Championship % Correct
Wrestlemania XL Cody Rhodes Undisputed WWE Championship
95%
Wrestlemania XX John Cena WWE United States Championship
95%
Wrestlemania 21 John Cena WWE Championship
95%
Wrestlemania 25 John Cena World Heavyweight Championship
95%
Wrestlemania XXVI John Cena WWE Championship
95%
Wrestlemania 29 John Cena WWE Championship
95%
Wrestlemania 31 John Cena WWE United States Championship
95%
Wrestlemania XIX Brock Lesnar WWE Championship
91%
Wrestlemania 33 Brock Lesnar WWE Universal Championship
91%
Wrestlemania 33 Randy Orton WWE Championship
91%
Wrestlemania 36 Drew McIntyre WWE Championship
82%
Wrestlemania XL Drew McIntyre WWE World Heavyweight Championship
82%
Wrestlemania 2000 Edge WWF World Tag Team Championships
82%
Wrestlemania X-7 Edge WWF World Tag Team Championships
82%
Wrestlemania V Hulk Hogan WWF Championship
82%
Wrestlemania VII Hulk Hogan WWF Championship
82%
Wrestlemania IX Hulk Hogan WWF Championship
82%
Wrestlemania 33 Kevin Owens WWE United States Championship
82%
Wrestlemania 39 Kevin Owens Undisputed WWE World Tag Team Championships
82%
Wrestlemania 37 Rhea Ripley WWE Raw Women's Championship
82%
Wrestlemania 39 Rhea Ripley WWE Smackdown Women's Championship
82%
Wrestlemania 31 Seth Rollins WWE Championship
82%
Wrestlemania 34 Seth Rollins WWE Intercontinental Championship
82%
Wrestlemania 35 Seth Rollins WWE Universal Championship
82%
Wrestlemania XII Shawn Michaels WWF Championship
82%
Wrestlemania 13 The Undertaker WWF Championship
82%
Wrestlemania 23 The Undertaker World Heavyweight Championship
82%
Wrestlemania XXIV The Undertaker World Heavyweight Championship
82%
Wrestlemania X8 Triple H WWF Championship
82%
Wrestlemania 21 Batista World Heavyweight Championship
77%
Wrestlemania X-7 Kane WWF Hardcore Championship
77%
Wrestlemania XXIV Kane ECW Championship
77%
Wrestlemania 22 Rey Mysterio World Heavyweight Championship
77%
Wrestlemania 25 Rey Mysterio WWE Intercontinental Championship
77%
Wrestlemania 32 Roman Reigns WWE Championship
77%
Wrestlemania 38 Roman Reigns WWE Championship
77%
Wrestlemania XL R-Truth WWE Raw Tag Team Championships
77%
Wrestlemania 39 Sami Zayn Undisputed WWE World Tag Team Championships
77%
Wrestlemania XL Sami Zayn WWE Intercontinental Championship
77%
Wrestlemania XIV Stone Cold Steve Austin WWF Championship
77%
Wrestlemania XV Stone Cold Steve Austin WWF Championship
77%
Wrestlemania X-7 Stone Cold Steve Austin WWF Championship
77%
Wrestlemania 29 The Miz WWE Intercontinental Championship
77%
Wrestlemania XL The Miz WWE Raw Tag Team Championships
77%
Wrestlemania 35 Becky Lynch WWE Raw Women's Championship
73%
Wrestlemania 35 Becky Lynch WWE Smackdown Women's Championship
73%
Wrestlemania 36 Charlotte Flair NXT Women's Championship
73%
Wrestlemania XL Damian Priest WWE World Heavyweight Championship
73%
Wrestlemania 22 JBL WWE United States Championship
73%
Wrestlemania 33 Jeff Hardy WWE Raw Tag Team Championships
73%
Wrestlemania XL Bayley WWE Women's Championship
68%
Wrestlemania VIII Bret Hart WWF Intercontinental Championship
68%
Wrestlemania X Bret Hart WWF Championship
68%
Wrestlemania 2000 Chris Jericho WWF European Championship
68%
Wrestlemania 35 Kofi Kingston WWE Championship
68%
Wrestlemania IV Macho Man Randy Savage WWF Championship
68%
Wrestlemania VIII Macho Man Randy Savage WWF Championship
68%
Wrestlemania 33 Matt Hardy WWE Raw Tag Team Championships
68%
Wrestlemania XXVIII Sheamus World Heavyweight Championship
68%
Wrestlemania 37 Sheamus WWE United States Championship
68%
Wrestlemania XXVIII Big Show WWE Intercontinental Championship
64%
Wrestlemania 2000 Chris Benoit WWF Intercontinental Championship
64%
Wrestlemania XX Chris Benoit World Heavyweight Championship
64%
Wrestlemania 2000 Christian WWF World Tag Team Championships
64%
Wrestlemania X-7 Christian WWF World Tag Team Championships
64%
Wrestlemania XXX Daniel Bryan WWE Championship
64%
Wrestlemania 31 Daniel Bryan WWE Intercontinental Championship
64%
Wrestlemania 38 Sasha Banks WWE Women's Tag Team Championships
64%
Wrestlemania IX Yokozuna WWF Championship
64%
Wrestlemania XI Yokozuna WWF World Tag Team Championships
64%
Wrestlemania XL Austin Theory WWE Smackdown Tag Team Championships
59%
Wrestlemania X-7 Eddie Guerrero WWF European Championship
59%
Wrestlemania 33 Naomi WWE Smackdown Women's Championship
59%
Wrestlemania 38 Naomi WWE Women's Tag Team Championships
59%
Wrestlemania XI Owen Hart WWF World Tag Team Championships
59%
Wrestlemania XIX Trish Stratus WWE Women's Championship
59%
Wrestlemania 36 Alexa Bliss WWE Women's Tag Team Championships
55%
Wrestlemania 37 Bianca Belair WWE Smackdown Women's Championship
55%
Wrestlemania 38 Bianca Belair WWE Raw Women's Championship
55%
Wrestlemania 34 Braun Strowman WWE Raw Tag Team Championships
55%
Wrestlemania 36 Braun Strowman WWE Universal Championship
55%
Wrestlemania 35 Finn Balor WWE Intercontinental Championship
55%
Wrestlemania XV Hardcore Holly WWF Hardcore Championship
55%
Wrestlemania 2000 Hardcore Holly WWF Hardcore Championship
55%
Wrestlemania 22 Mickie James WWE Women's Championship
55%
Wrestlemania X Mo WWF World Tag Team Championships
55%
Wrestlemania VI The Ultimate Warrior WWF Championship
55%
Wrestlemania XL Grayson Waller WWE Smackdown Tag Team Championships
50%
Wrestlemania 34 Nia Jax WWE Raw Women's Championship
50%
Wrestlemania X8 Rob Van Dam WWF Intercontinental Championship
50%
Wrestlemania 37 AJ Styles WWE Raw Tag Team Championships
45%
Wrestlemania 25 Carlito WWE World Tag Team Championships
45%
Wrestlemania 32 Charlotte WWE Women's Championship
45%
Wrestlemania X-7 Chyna WWF Women's Championship
45%
Wrestlemania 25 Primo WWE World Tag Team Championships
45%
Wrestlemania XI Razor Ramon WWF Intercontinental Championship
45%
Wrestlemania IV Ax WWF World Tag Team Championships
41%
Wrestlemania VI Ax WWF World Tag Team Championships
41%
Wrestlemania XIV Cactus Jack WWF World Tag Team Championships
41%
Wrestlemania III Ricky Steamboat WWF Intercontinental Championship
41%
Wrestlemania IV Smash WWF World Tag Team Championships
41%
Wrestlemania VI Smash WWF World Tag Team Championships
41%
Wrestlemania X8 Spike Dudley WWF Hardcore Championship
41%
Wrestlemania 35 Billie Kay WWE Women's Tag Team Championships
36%
Wrestlemania 35 Peyton Royce WWE Women's Tag Team Championships
36%
Wrestlemania V Rick Rude WWF Intercontinental Championship
36%
Wrestlemania 32 Zack Ryder WWE Intercontinental Championship
36%
Wrestlemania 35 Zack Ryder WWE Raw Tag Team Championships
36%
Wrestlemania 37 Apollo Crews WWE Intercontinental Championship
32%
Wrestlemania 34 Harper WWE Smackdown Tag Team Championships
32%
Wrestlemania X Mabel WWF World Tag Team Championships
32%
Wrestlemania 34 Nicholas WWE Raw Tag Team Championships
32%
Wrestlemania 36 Nikki Cross WWE Women's Tag Team Championships
32%
Wrestlemania 34 Rowan WWE Smackdown Tag Team Championships
32%
Wrestlemania 34 Cedric Alexander WWE Cruiserweight Championship
27%
Wrestlemania 35 Curt Hawkins WWE Raw Tag Team Championships
27%
Wrestlemania 2 Davey Boy Smith WWF World Tag Team Championships
27%
Wrestlemania 2 Dynamite Kid WWF World Tag Team Championships
27%
Wrestlemania 37 Omos WWE Raw Tag Team Championships
27%
Wrestlemania I The Iron Sheik WWF World Tag Team Championships
27%
Wrestlemania I Wendi Richter WWF Women's Championship
27%
Wrestlemania VII Brian Knobbs WWF World Tag Team Championships
23%
Wrestlemania VII Jerry Sags WWF World Tag Team Championships
23%
Wrestlemania I Nikolai Volkoff WWF World Tag Team Championships
23%
Wrestlemania 35 Tony Nese WWE Cruiserweight Championship
23%
Wrestlemania XIV Chainsaw Charlie WWF World Tag Team Championships
18%
Wrestlemania XII Skip WWF World Tag Team Championships
18%
Wrestlemania XII Zip WWF World Tag Team Championships
18%
Wrestlemania VIII Earthquake WWF World Tag Team Championships
14%
Wrestlemania VIII Typhoon WWF World Tag Team Championships
14%
No matching quizzes found
Score Distribution
Percent of People with Each Score
Percentile by Number Answered
Your Score History
You have not taken this quiz since the last reset